Statistics for 200 Biggest Cities in China

Click here to take the quiz!

General Stats

  • This quiz has been taken 1,298 times
  • The average score is 52 of 200

Answer Stats

RankPopulationCity% Correct
319,612,000Beijing
98%
223,019,000Shanghai
98%
612,701,000Guangzhou
95%
517,235,000Hong Kong
92%
512,938,000Tianjin
88%
328,468,000Xi'an
87%
128,846,000Chongqing
85%
199,785,000Wuhan
85%
414,048,000Chengdu
83%
1010,636,000Harbin
81%
408,005,000Nanjing
80%
1410,358,000Shenzhen
80%
1593,110,000Ürümqi
79%
1483,531,000Xiamen
79%
278,700,000Hangzhou
76%
268,715,000Qingdao
75%
368,106,000Shenyang
73%
636,690,000Dalian
70%
567,115,000Fuzhou
67%
845,702,000Hefei
67%
597,044,000Changsha
65%
288,627,000Zhengzhou
64%
666,432,000Kunming
62%
646,662,000Nanning
61%
219,122,000Wenzhou
61%
1310,466,000Suzhou
60%
975,353,000Suzhou
60%
945,391,000Shantou
59%
200643,000Macau
58%
616,814,000Jinan
55%
686,373,000Wuxi
54%
437,606,000Ningbo
53%
417,677,000Changchun
51%
1453,616,000Lanzhou
50%
348,221,000Dongguan
49%
1710,164,000Shijiazhuang
48%
1304,202,000Taiyuan
44%
527,197,000Foshan
42%
1822,046,000Haikou
42%
1622,867,000Hohhot
42%
1025,043,000Nanchang
41%
1284,325,000Guiyang
40%
308,581,000Xuzhou
40%
1174,531,000Zibo
38%
1433,646,000Anshan
37%
1164,592,000Changzhou
37%
606,968,000Yantai
36%
1154,597,000Huizhou
34%
656,549,000Luoyang
34%
1134,619,000Taizhou
34%
765,969,000Taizhou
34%
457,577,000Tangshan
34%
1094,748,000Guilin
33%
358,129,000Quanzhou
33%
1722,650,000Baotou
32%
811,194,000Baoding
31%
477,283,000Nantong
31%
239,086,000Weifang
30%
1792,209,000Xining
30%
1204,460,000Yangzhou
30%
1513,318,000Datong
29%
1810,039,000Linyi
29%
1493,443,000Wuhu
29%
1901,560,000Zhuhai
29%
875,611,000Qiqihar
28%
1124,676,000Kaifeng
25%
1373,759,000Liuzhou
25%
1553,142,000Zhongshan
25%
378,082,000Jining
24%
1662,779,000Putian
24%
1841,993,000Yinchuan
24%
995,173,000Anyang
23%
1612,905,000Daqing
23%
209,175,000Handan
23%
915,494,000Tai'an
23%
427,639,000Cixi
22%
1084,800,000Huai'an
22%
805,818,000Maoming
22%
1931,392,000Zhanjiang
22%
1602,988,000Qinhuangdao
21%
1632,805,000Weihai
21%
1074,810,000Zhangzhou
21%
1782,334,000Huainan
20%
1214,449,000Jiangmen
20%
507,262,000Yancheng
20%
1802,138,000Fushun
19%
706,279,000Nanchong
19%
1510,263,000Nanyang
19%
1034,912,000Shaoxing
19%
1324,060,000Yichang
19%
1363,856,000Zhuzhou
19%
1413,717,000Baoji
18%
1543,164,000Bengbu
18%
825,717,000Changde
18%
712,701,000Ganzhou
18%
537,141,000Hengyang
18%
1234,394,000Lianyungang
18%
1144,614,000Mianyang
18%
1642,801,000Rizhao
18%
895,500,000Xiangyang
18%
965,362,000Yiwu
18%
955,362,000Jinhua
17%
1563,126,000Jinzhou
17%
1951,366,000Ma'anshan
17%
835,708,000Xinxiang
17%
1583,113,000Zhenjiang
17%
547,134,000Cangzhou
16%
1732,445,000Dandong
16%
1812,114,000Huaibei
16%
1891,710,000Benxi
15%
1254,341,000Chifeng
15%
1184,502,000Jiaxing
15%
1672,749,000Xiangtan
15%
885,568,000Dezhou
14%
855,692,000Jingzhou
14%
1244,359,000Langfang
14%
1005,096,000Xianyang
14%
1752,429,000Yingkou
14%
1503,351,437Yulin
14%
1353,918,000Zhaoqing
14%
716,127,000Zunyi
14%
1383,749,000Binzhou
13%
1832,035,000Dongying
13%
676,373,000Jiangyin
13%
1104,728,000Jiujiang
13%
1054,904,000Pingdingshan
13%
1114,716,000Suqian
13%
577,104,000Xingtai
13%
726,109,000Xinyang
13%
985,311,000Anqing
12%
1911,539,000Beihai
12%
1110,579,000Changshu
12%
447,600,000Fuyang
12%
1702,624,000Huludao
12%
1473,540,000Jiaozuo
12%
925,478,000Yueyang
12%
1403,729,000Zaozhuang
12%
1981,121,000Zhoushan
12%
1871,819,000Fuxin
11%
338,288,000Heze
11%
1712,552,000Jiamusi
11%
1333,973,000Kashgar
11%
1294,317,000Linfen
11%
1652,798,000Mudanjiang
11%
1463,598,000Puyang
11%
1682,718,000Tieling
11%
1274,307,000Xuchang
11%
1194,472,000Yibin
11%
1343,938,000Chuzhou
10%
1991,049,000Ezhou
10%
1742,429,000Huangshi
10%
815,790,000Liaocheng
10%
1861,860,000Liaoyang
10%
865,612,000Lu'an
10%
1941,392,000Panjin
10%
1881,815,000Wuwei
10%
258,953,000Zhoukou
10%
1692,679,000Zigong
10%
1971,214,000Panzhihua
9%
1533,263,000Tianshui
9%
1762,421,000Yangjiang
9%
1064,851,000Bozhou
8%
1961,299,000Laiwu
8%
587,072,000Shaoyang
8%
935,416,000Suihua
8%
1314,119,000Guigang
7%
1851,954,000Hezhou
7%
785,855,000Qujing
7%
1523,284,000Bazhong
6%
1224,415,000Jilin City
6%
1423,703,000Neijiang
6%
1393,729,000Tengzhou
6%
1210,579,000Zhangjiagang
6%
1772,371,000Aksu
5%
557,115,000Fuqing
5%
1264,307,000Yuzhou
5%
1573,113,000Danyang
4%
1610,264,000Dengzhou
4%
911,194,000Dingzhou
4%
745,969,000Jingjiang
4%
318,577,000Pizhou
4%
487,283,000Qidong
4%
497,283,000Rugao
4%
775,969,000Wenling
4%
298,581,000Xinyi
4%
696,373,000Yixing
4%
905,494,000Feicheng
3%
1443,646,000Haicheng
3%
467,283,000Haimen
3%
795,818,000Huazhou
3%
755,969,000Linhai
3%
229,086,000Shouguang
3%
735,969,000Taixing
3%
1921,392,000Wuchuan
3%
248,953,000Xiangcheng
3%
1015,096,000Zaoyang
3%
626,814,000Zhangqiu
3%
398,082,000Zhucheng
3%
1044,912,000Zhuji
3%
388,082,000Zoucheng
3%

Score Distribution

Percentile by Number Answered

Percent of People with Each Score

Your Score History

You have not taken this quiz